000 00979nam a2200253Ia 4500
003 OSt
005 20220918110925.0
006 a|||||r|||| 00| 0
007 ta
008 220915b |||||||| |||| 00| 0 hin d
020 _c7500
024 _a260168
037 _b376, 11/02/2011, Swaraj Prakashan
_cReference Collections
040 _aARTS
_cARTS
_bhin
041 _2hin
_ahin
082 _aO152,1M65x, Q0.1-.7(RR)
100 _aतरूण कुमार, संपा.
245 0 _aहरिऔध ग्रंथावलीः ब्रजभाषा काव्य
246 _aHariaudh granthāvalīah brajabhāṣhā kāvya
260 _aनई दिल्ली
_bप्रकाशन संस्थान भारत
_c2010
300 _a792पृ0
942 _hO152,1M65x, Q0.1-.7(RR)
_cREF
999 _c115773
_d115773